000 00930nam a22002777a 4500
001 00260
003 DO-SdBPM
005 20250127101908.0
008 151215b2006 sp 00| 0 spa d
020 _a8421634232
040 _aDO-SdBPM
_bspa
_cBPMSU
082 4 _a833.91
_bK71k 1998
_222
100 1 _akenister
_d
245 1 0 _aKika superbruja :
_bBruno revoluciona la clase /
_c knister; traducción Rosa Pilar Blanco ; ilustraciones Birgit Rieger
260 _aMadrid :
_bEditorial Bruño,
_c2006.
300 _a254 p. :
_bil ;
_c24 cm.
490 0 _aKika superbruja,
_v4
534 _pTítulo original :
_t Haxe Lilli stellt die schle auf den kopf
590 _aInventariado,2024/VM
650 4 _aNovela infantil alemana
650 4 _aVacaciones
_vNovela infantil
700 1 _aBlanco, Rosa Pilar
_etraductor
700 1 _aRieger Birgit
_eilustraciones
910 _aVMateo V. Control de calidad. BPMSU
942 _2ddc
_cBK
999 _c14912
_d14912